Report of the Commission for Scheduled Castes and Scheduled Tribes (Record no. 504276)

000 -LEADER
fixed length control field 00527nam a22001457a 4500
005 - DATE AND TIME OF LATEST TRANSACTION
control field 20180809132907.0
008 - FIXED-LENGTH DATA ELEMENTS--GENERAL INFORMATION
fixed length control field 180809b ||||| |||| 00| 0 eng d
040 ## - CATALOGING SOURCE
Transcribing agency
082 ## - DEWEY DECIMAL CLASSIFICATION NUMBER
Classification number A45:BA27
100 ## - MAIN ENTRY--PERSONAL NAME
Personal name India. Commission for Scheduled Castes and Scheduled Tribes
9 (RLIN) 226
245 ## - TITLE STATEMENT
Title Report of the Commission for Scheduled Castes and Scheduled Tribes
Remainder of title by Commission for Scheduled Castes and Scheduled Tribes
260 ## - PUBLICATION, DISTRIBUTION, ETC. (IMPRINT)
Place of publication, distribution, etc New Delhi
Name of publisher, distributor, etc The author
500 ## - GENERAL NOTE
General note Library has 1979/80-1981/82, 1983/84-1985/86
942 ## - ADDED ENTRY ELEMENTS (KOHA)
Source of classification or shelving scheme
Item type GG
Holdings
Withdrawn status Lost status Source of classification or shelving scheme Damaged status Koha normalized classification for sorting Not for loan Permanent location Current location Date acquired Full call number Barcode Date last seen Price effective from Koha item type
        A_45BA27   Indian Institute of Public Administration Indian Institute of Public Administration 2018-08-09 A45:BA27 GG24282 2018-08-09 2018-08-09 GG
        A_45BA27   Indian Institute of Public Administration Indian Institute of Public Administration 2018-08-09 A45:BA27 GG25357 2018-08-09 2018-08-09 GG
        A_45BA27   Indian Institute of Public Administration Indian Institute of Public Administration 2018-08-09 A45:BA27 GG25358 2018-08-09 2018-08-09 GG
        A_45BA27   Indian Institute of Public Administration Indian Institute of Public Administration 2018-08-09 A45:BA27 GG32140 2018-08-09 2018-08-09 GG
        A_45BA27   Indian Institute of Public Administration Indian Institute of Public Administration 2018-08-09 A45:BA27 GG32321 2018-08-09 2018-08-09 GG
        A_45BA27   Indian Institute of Public Administration Indian Institute of Public Administration 2018-08-09 A45:BA27 GG33332 2018-08-09 2018-08-09 GG

Powered by Koha